| 000 | 01147cam a2200337 a 4500 | ||
|---|---|---|---|
| 999 |
_c3999 _d3999 |
||
| 001 | 13890870 | ||
| 003 | Nust | ||
| 005 | 20170105101617.0 | ||
| 008 | 050307s2004 pk a 001 0aeng | ||
| 010 | _a 2004468170 | ||
| 020 | _a0195977181 (Hbk) | ||
| 025 | _aP-E-2004468170; 17 | ||
| 040 |
_aDLC _cDLC _dDLC |
||
| 042 | _alcode | ||
| 043 | _aa-pk--- | ||
| 050 | 0 | 0 |
_aDS385.K569 _bA3 2004 |
| 082 |
_a954.904 _bASL |
||
| 100 | 1 |
_aKhattak, Muhammad Aslam Khan, _d1908- |
|
| 245 | 1 | 2 |
_aA Pathan odyssey / _cMohammad Aslam Khan Khattak ; edited with a foreword by James W. Spain. |
| 260 |
_aKarachi : _bOxford University Press, _c2004. |
||
| 300 |
_axv, 271 p. : _bill, ; _c24 cm. |
||
| 500 | _aIncludes index. | ||
| 600 | 1 | 0 |
_aKhattak, Muhammad Aslam Khan, _d1908- |
| 650 | 0 |
_aDiplomats _zPakistan _vBiography. |
|
| 651 | 0 |
_aPakistan _xForeign relations. |
|
| 700 | 1 |
_aSpain, James W. _q(James William). |
|
| 856 | 4 | 2 |
_3Publisher description _uhttp://www.loc.gov/catdir/enhancements/fy0621/2004468170-d.html |
| 906 |
_a7 _bcbc _corigode _d3 _encip _f20 _gy-gencatlg |
||
| 942 |
_2ddc _cBK |
||